[Event "Open Est 2016-2017"]
[Site "Aubagne"]
[Date "2017.03.25"]
[Round "8.34"]
[White "De Laurentis, Pierre"]
[Black "Timoner, Genevieve"]
[Result "0-1"]
[WhiteElo "1399"]
[BlackElo "1115"]
[PlyCount "78"]
[EventDate "2016.??.??"]
[WhiteTeam "Cassis Echecs"]
[BlackTeam "Club d'Echecs Pennois (CEP)"]

1. f4 c5 2. Nf3 Nc6 3. e3 d6 4. Be2 Nf6 5. O-O g6 6. c4 Bg7 7. a3 a5 8. Nc3 Bd7
9. Qe1 O-O 10. h3 Be6 11. b3 d5 12. cxd5 Nxd5 13. Bb2 Nxc3 14. dxc3 Bf5 15. Rb1
Bxb1 16. Qxb1 b6 17. Qe1 Qc7 18. g4 Rfd8 19. g5 Rab8 20. h4 b5 21. h5 Qd7 22.
h6 Bh8 23. e4 Qe6 24. Qb1 Qxb3 25. f5 b4 26. axb4 cxb4 27. fxg6 fxg6 28. Nh4
Rd2 29. Re1 Rxb2 30. Qd3 a4 31. Rf1 bxc3 32. Qf3 a3 33. e5 Nxe5 34. Qf4 a2 35.
Nf3 Nc6 36. Nd2 cxd2 37. Qf7+ Qxf7 38. Rxf7 Kxf7 39. Bc4+ Kf8 0-1

[Event "Open Est 2016-2017"]
[Site "Aubagne"]
[Date "2017.03.25"]
[Round "8.35"]
[White "Burnel, Marie-France"]
[Black "Pentcheff, Julie"]
[Result "1-0"]
[WhiteElo "1399"]
[BlackElo "1090"]
[PlyCount "40"]
[EventDate "2016.??.??"]
[WhiteTeam "Cercle d'Echecs Aubagnais"]
[BlackTeam "Cassis Echecs"]

1. e4 c6 2. g3 d5 3. Qf3 Nf6 4. e5 Bg4 5. Qe3 Nfd7 6. d4 Qa5+ 7. Bd2 Qb6 8. b3
Bf5 9. Bd3 Bxd3 10. cxd3 e6 11. Nf3 Bb4 12. O-O Bxd2 13. Nbxd2 O-O 14. Ng5 h6
15. Nh3 Re8 16. Nf3 f6 17. Nf4 g6 18. Nh5 fxe5 19. Nxe5 Nxe5 20. Qxe5 Re7 1-0

[Event "Open Est 2016-2017"]
[Site "Aubagne"]
[Date "2017.03.25"]
[Round "8.36"]
[White "Dektiannikov, Artiom"]
[Black "Feron, Anne-Marie"]
[Result "0-1"]
[WhiteElo "1199"]
[BlackElo "1399"]
[PlyCount "46"]
[EventDate "2016.??.??"]
[WhiteTeam "Cassis Echecs"]
[BlackTeam "Club d'Echecs Pennois (CEP)"]

1. e4 c5 2. Nc3 e6 3. Nf3 Nc6 4. d3 g6 5. Bf4 Bg7 6. Nb5 Qf6 7. Nc7+ Kd8 8. Bg5
Kxc7 9. Bxf6 Bxf6 10. Qe2 Bxb2 11. Rb1 Bg7 12. Ng5 Nd4 13. Qe3 Nxc2+ 14. Kd2
Nxe3 15. Kxe3 h6 16. Nxf7 Rh7 17. Be2 Ne7 18. Rbc1 b6 19. Rc4 Bb7 20. Rf1 Rf8
21. e5 Bxg2 22. Rg1 Bd5 23. Rf4 Nf5+ 0-1

[Event "Open Est 2016-2017"]
[Site "Aubagne"]
[Date "2017.03.25"]
[Round "8.37"]
[White "Pegon, Claude"]
[Black "Naam, Mourad"]
[Result "1-0"]
[WhiteElo "1094"]
[BlackElo "1399"]
[PlyCount "71"]
[EventDate "2016.??.??"]
[WhiteTeam "La Ciotat Echecs (LCE)"]
[BlackTeam "Cassis Echecs"]

1. f4 d5 2. Nf3 Nf6 3. e3 Bf5 4. Nc3 e6 5. b3 Bc5 6. h3 O-O 7. Bd3 Bxd3 8. cxd3
Nc6 9. a3 g6 10. b4 Bd6 11. O-O a6 12. Qe1 b5 13. Bb2 Qb8 14. e4 Bxf4 15. Ne2
Nh5 16. g4 Qb6+ 17. d4 Nf6 18. Nxf4 Nxe4 19. Kh1 Rfe8 20. d3 g5 21. Nh5 Nd6 22.
Nf6+ Kf8 23. Nxe8 Rxe8 24. Ne5 Nxe5 25. Qxe5 Ke7 26. Qxg5+ Kf8 27. Rf6 Qc6 28.
Re1 Qc2 29. Qh6+ Ke7 30. Bc1 Qxd3 31. Bf4 Ne4 32. Rxe4 dxe4 33. Qxh7 Qf3+ 34.
Kg1 e3 35. Qxf7+ Kd8 36. Qxc7# 1-0

[Event "Open Est 2016-2017"]
[Site "Aubagne"]
[Date "2017.03.25"]
[Round "8.38"]
[White "Belaid, Myriam"]
[Black "Soulet, Julia"]
[Result "0-1"]
[WhiteElo "1040"]
[BlackElo "1196"]
[PlyCount "74"]
[EventDate "2016.??.??"]
[WhiteTeam "Club Provence Echecs"]
[BlackTeam "Cassis Echecs"]

1. d3 d5 2. d4 Nf6 3. Nf3 Bf5 4. Bf4 e6 5. e3 Bd6 6. Bxd6 Qxd6 7. h3 O-O 8. g3
Qb4+ 9. c3 Qxb2 10. Nbd2 Qxc3 11. Bg2 Ne4 12. O-O Nxd2 13. Nxd2 c6 14. Rc1 Qd3
15. a4 Nd7 16. Re1 e5 17. e4 dxe4 18. Bxe4 Bxe4 19. Nxe4 Qxd4 20. Qg4 f5 21.
Qg5 fxe4 22. Qe7 Rae8 23. Qh4 Qxf2+ 24. Kh1 Qa2 25. Rf1 Qxa4 26. g4 e3 27. Rce1
Rxf1+ 28. Rxf1 e2 29. Qf2 exf1=Q+ 30. Qxf1 Rf8 31. Qg2 Qd1+ 32. Kh2 Qd4 33. Qg3
Rf2+ 34. Qxf2 Qxf2+ 35. Kh1 Nc5 36. h4 Ne4 37. g5 Ng3# 0-1

[Event "Open Est 2016-2017"]
[Site "Aubagne"]
[Date "2017.03.25"]
[Round "8.39"]
[White "Pignol, Jeanne"]
[Black "Hours, Evelyne"]
[Result "1/2-1/2"]
[WhiteElo "1399"]
[BlackElo "1399"]
[PlyCount "60"]
[EventDate "2016.??.??"]
[WhiteTeam "Club d'Echecs Pennois (CEP)"]
[BlackTeam "Club d'Echecs Pennois (CEP)"]

1. e4 e5 2. Nf3 d6 3. Bc4 Be7 4. O-O Nf6 5. d3 Bg4 6. Be3 Nc6 7. Nbd2 O-O 8.
Qe1 a6 9. a3 b5 10. Bb3 Na5 11. Ba2 c5 12. b4 cxb4 13. axb4 Nc6 14. c3 Qc7 15.
h3 Bd7 16. d4 exd4 17. cxd4 Nxb4 18. Rc1 Qa5 19. Bb3 Nd3 20. Ra1 Nxe1 21. Rxa5
Nxf3+ 22. gxf3 Bxh3 23. Rc1 Ra7 24. Rc6 Rfa8 25. d5 Bd8 26. Ra2 Rd7 27. Raxa6
Rxa6 28. Rxa6 Rc7 29. Ra8 Rc8 30. Rxc8 Bxc8 1/2-1/2

[Event "Open Est 2016-2017"]
[Site "Aubagne"]
[Date "2017.03.25"]
[Round "8.40"]
[White "Denis, Aurele"]
[Black "Gianfranceschi, Gerard"]
[Result "1-0"]
[WhiteElo "1010"]
[BlackElo "1040"]
[PlyCount "27"]
[EventDate "2016.??.??"]
[WhiteTeam "Marseille Passion Echecs"]
[BlackTeam "Cercle d'Echecs Aubagnais"]

1. e4 e5 2. d3 f6 3. f3 Nc6 4. g3 Nge7 5. Bg2 d5 6. Ne2 f5 7. O-O fxe4 8. dxe4
dxe4 9. fxe4 Nd4 10. Bg5 Nxe2+ 11. Qxe2 Qd4+ 12. Rf2 Qxb2 13. Qf3 Ng6 14. Qf7#
1-0

[Event "Open Est 2016-2017"]
[Site "Aubagne"]
[Date "2017.04.29"]
[Round "9.3"]
[White "Denis, Vincent"]
[Black "Roger, Patrick"]
[Result "1-0"]
[WhiteElo "1790"]
[BlackElo "1652"]
[PlyCount "71"]
[EventDate "2016.??.??"]
[WhiteTeam "Marseille Passion Echecs"]
[BlackTeam "Club Provence Echecs"]

1. d4 Nf6 2. Bf4 g6 3. e3 Bg7 4. Nf3 d6 5. h3 O-O 6. Be2 c5 7. c3 cxd4 8. exd4
Nc6 9. O-O e5 10. dxe5 dxe5 11. Qxd8 Rxd8 12. Nxe5 Nd5 13. Nxc6 bxc6 14. Bg3
Bf5 15. Na3 Nf6 16. Rfd1 Ne4 17. Bf4 Re8 18. Bf3 Bf8 19. Nc4 Bc5 20. Ne3 Rad8
21. g4 g5 22. Rxd8 Rxd8 23. Nxf5 Nxf2 24. Be3 Nxh3+ 25. Kg2 Bxe3 26. Kxh3 Bf4
27. Rd1 Rxd1 28. Bxd1 Bc1 29. b3 Kf8 30. Kg3 f6 31. Kf3 Bf4 32. Ke4 Kf7 33. Be2
Kg6 34. Ne7+ Kf7 35. Nxc6 Bd2 36. Kd3 1-0

[Event "Open Est 2016-2017"]
[Site "Aubagne"]
[Date "2017.04.29"]
[Round "9.4"]
[White "Gutman, Leni"]
[Black "Cureau, Dominique"]
[Result "0-1"]
[WhiteElo "1550"]
[BlackElo "1439"]
[PlyCount "94"]
[EventDate "2016.??.??"]
[WhiteTeam "Marseille Echecs"]
[BlackTeam "Echiquier Marseillais 1872"]

1. d4 Nf6 2. Nf3 d5 3. c4 e6 4. Nc3 Bb4 5. e3 Ne4 6. Qc2 O-O 7. a3 Bxc3+ 8.
bxc3 Nd7 9. Bd3 Ndf6 10. O-O c6 11. Nd2 Nxd2 12. Bxd2 dxc4 13. Bxc4 b5 14. Bd3
Bb7 15. a4 a6 16. Rfb1 Qd7 17. Rb2 Rfc8 18. Qb1 h6 19. axb5 cxb5 20. c4 Qc6 21.
f3 Rab8 22. cxb5 axb5 23. Bxb5 Qd5 24. Ba6 Rc7 25. Bxb7 Rcxb7 26. Rxb7 Qxb7 27.
Qxb7 Rxb7 28. Kf2 Kh7 29. g4 g5 30. Ke2 Kg6 31. Rh1 h5 32. h3 Rb2 33. e4 Ra2
34. Rb1 Ra4 35. Rb4 Ra2 36. Rb5 Nh7 37. Rb7 Nf6 38. Rb5 Nh7 39. Rc5 Ra4 40. Ke3
Nf6 41. Ke2 Nh7 42. d5 exd5 43. exd5 Ra7 44. d6 Rd7 45. Rd5 Kf6 46. Kd3 Ke6 47.
Ke4 Nf6+ 0-1

[Event "Open Est 2016-2017"]
[Site "Aubagne"]
[Date "2017.04.29"]
[Round "9.5"]
[White "Gamblin, Vincent"]
[Black "Deregnaucourt, Yves"]
[Result "0-1"]
[WhiteElo "1444"]
[BlackElo "1702"]
[PlyCount "80"]
[EventDate "2016.??.??"]
[WhiteTeam "Marseille Echecs"]
[BlackTeam "Cercle d'Echecs Aubagnais"]

1. e4 e5 2. Nf3 Nc6 3. g3 Bc5 4. Bg2 d6 5. O-O Nf6 6. d3 h6 7. Nc3 Bg4 8. Na4
Bb6 9. Nxb6 axb6 10. c3 O-O 11. Qc2 Qd7 12. Re1 Kh8 13. d4 Bxf3 14. Bxf3 exd4
15. cxd4 Nxd4 16. Qd3 Nxf3+ 17. Qxf3 Qh3 18. Qg2 Qxg2+ 19. Kxg2 Rfe8 20. f3 Nd7
21. Be3 Nc5 22. Bd4 Nd3 23. Re2 c5 24. Bc3 d5 25. Rd1 c4 26. e5 Rxa2 27. f4
Raa8 28. f5 Rad8 29. Bd4 Nc5 30. Bxc5 bxc5 31. Rde1 Kg8 32. e6 fxe6 33. fxe6 d4
34. Re5 b6 35. Rc1 d3 36. Kf3 Rd6 37. Ke4 Rdxe6 38. Rxe6 Rxe6+ 39. Kd5 Re2 40.
Kxc4 Rc2+ 0-1

[Event "Open Est 2016-2017"]
[Site "Aubagne"]
[Date "2017.04.29"]
[Round "9.6"]
[White "Vicari-Vento, Salvatore"]
[Black "Favarel-Lubeigt, Helina"]
[Result "0-1"]
[WhiteElo "1453"]
[BlackElo "1537"]
[PlyCount "88"]
[EventDate "2016.??.??"]
[WhiteTeam "Cercle d'Echecs Aubagnais"]
[BlackTeam "L'Echiquier du Roy René"]

1. e4 e6 2. d4 d5 3. e5 c5 4. c3 Nc6 5. Nf3 Bd7 6. a3 f6 7. b4 c4 8. g3 Qc7 9.
exf6 Nxf6 10. Bf4 Bd6 11. Bxd6 Qxd6 12. Bg2 O-O 13. O-O Ne4 14. Nfd2 Ng5 15. f4
Nf7 16. Nf3 Ne7 17. Ne5 Nf5 18. Qe2 Ba4 19. Nd2 Nxe5 20. fxe5 Qe7 21. Rf2 Rf7
22. Nf3 Raf8 23. Raf1 Qd8 24. Qd2 h6 25. g4 Nh4 26. Nxh4 Qxh4 27. Rxf7 Rxf7 28.
Rxf7 Kxf7 29. Qf4+ Ke7 30. Qg3 Qxg3 31. hxg3 Kf7 32. Kf2 Kg6 33. Kf3 Kg5 34.
Ke3 Kxg4 35. Bf3+ Kxg3 36. Bh5 g5 37. Ke2 g4 38. Bf7 Bd7 39. Kf1 Kh2 40. Bh5 g3
41. Bf3 h5 42. Bg2 h4 43. Bf3 h3 44. a4 g2+ 0-1

[Event "Open Est 2016-2017"]
[Site "Aubagne"]
[Date "2017.04.29"]
[Round "9.7"]
[White "Georgesoglou, Bruno"]
[Black "Sage, Jean-Claude"]
[Result "0-1"]
[WhiteElo "1399"]
[BlackElo "1555"]
[PlyCount "144"]
[EventDate "2016.??.??"]
[WhiteTeam "Hay Chess"]
[BlackTeam "Echiquier Marseillais 1872"]

1. e4 e5 2. d4 exd4 3. Qxd4 Nc6 4. Qe3 Be7 5. Nc3 h6 6. Bd2 Nf6 7. Qg3 g5 8.
O-O-O d6 9. Be2 Be6 10. f4 Nd4 11. Bd3 gxf4 12. Bxf4 Nh5 13. Qe3 Nxf4 14. Qxd4
Bf6 15. Qa4+ Bd7 16. Bb5 Nxg2 17. Nf3 Bxc3 18. bxc3 a6 19. Bxd7+ Qxd7 20. Qxd7+
Kxd7 21. Rd2 Nf4 22. Rg1 Ke7 23. Rg4 Ng6 24. Re2 Ne5 25. Rf4 Nxf3 26. Rxf3 f6
27. Ref2 Raf8 28. Kd2 Rhg8 29. Rf4 Rg5 30. Rf5 Rxf5 31. exf5 Rg8 32. Kd3 h5 33.
a4 Rg4 34. a5 h4 35. c4 Kf7 36. Kc3 c5 37. Kd3 Rd4+ 38. Kc3 Re4 39. Kd3 d5 40.
cxd5 Rd4+ 41. Kc3 Rxd5 42. Kc4 Re5 43. Kc3 Re4 44. Kd3 Ra4 45. c4 Rxa5 46. Rf4
Ra3+ 47. Ke4 Rh3 48. Rf2 Rb3 49. Kd5 b6 50. Ra2 a5 51. Kc6 h3 52. Ra4 Rb2 53.
Ra3 Rxh2 54. Kxb6 Rb2+ 55. Kxc5 h2 56. Ra1 a4 57. Kd4 a3 58. c5 a2 59. c6 Rb1
60. Rxa2 h1=Q 61. Ra7+ Ke8 62. Ra8+ Ke7 63. Ra7+ Kd8 64. c7+ Kc8 65. Kc5 Ra1
66. Kb6 Qb1+ 67. Kc6 Rxa7 68. Kd6 Rxc7 69. Ke6 Qb6+ 70. Kd5 Kd7 71. Ke4 Qb4+
72. Kd5 Rc5# 0-1

[Event "Open Est 2016-2017"]
[Site "Aubagne"]
[Date "2017.04.29"]
[Round "9.11"]
[White "Andonian, Pierre"]
[Black "Roche, Alain"]
[Result "1-0"]
[WhiteElo "1481"]
[BlackElo "1366"]
[PlyCount "78"]
[EventDate "2016.??.??"]
[WhiteTeam "Echiquier Marseillais 1872"]
[BlackTeam "Echiquier Marseillais 1872"]

1. Nf3 Nf6 2. d4 d5 3. e3 Ne4 4. h3 c5 5. c3 c4 6. Nbd2 b5 7. Nxe4 dxe4 8. Nd2
Bf5 9. Be2 e6 10. O-O Be7 11. b3 O-O 12. bxc4 b4 13. Qc2 bxc3 14. Qxc3 Nc6 15.
a3 Qc7 16. Bb2 Rab8 17. Rab1 f6 18. Ba1 h6 19. c5 Na5 20. Rfd1 Rfd8 21. Rb4 Nc6
22. Rb3 Rxb3 23. Qxb3 Rb8 24. Qa2 Qd7 25. Rb1 Rxb1+ 26. Qxb1 Bxc5 27. Nc4 Bf8
28. g4 Bh7 29. Qb5 Qc7 30. d5 exd5 31. Qxd5+ Kh8 32. Kg2 Bg8 33. Qh5 Bf7 34.
Qf5 Ne7 35. Qb5 Qd8 36. Bd4 f5 37. Kg3 fxg4 38. hxg4 Ng6 39. Qh5 Nf4 1-0

[Event "Open Est 2016-2017"]
[Site "Aubagne"]
[Date "2017.04.29"]
[Round "9.12"]
[White "Hunault, Francis"]
[Black "Pietrac, Christian"]
[Result "0-1"]
[WhiteElo "1464"]
[BlackElo "1245"]
[PlyCount "77"]
[EventDate "2016.??.??"]
[WhiteTeam "Cercle d'Echecs Aubagnais"]
[BlackTeam "Club d'Echecs de Miramas"]

1. d4 Nf6 2. Nc3 g6 3. e4 d6 4. Be3 Bg7 5. h3 O-O 6. Qd2 e5 7. d5 a6 8. Bh6 Nh5
9. Bxg7 Kxg7 10. Nce2 f5 11. g4 fxg4 12. hxg4 Bxg4 13. Bh3 Bxe2 14. Nxe2 Nf4
15. O-O-O Nd7 16. Bxd7 Qxd7 17. Nxf4 Rxf4 18. Rh2 Qa4 19. Qc3 Rc8 20. Qh3 Rh8
21. f3 Rf7 22. Kb1 Qd7 23. Qh6+ Kg8 24. Qe3 b6 25. Rf1 Rf4 26. Qe2 Qb5 27. c4
Qa4 28. b3 Qb4 29. Kb2 Qc5 30. Qd3 Kg7 31. a3 a5 32. Kc3 Qxa3 33. Qc2 Rhf8 34.
Rhf2 Qc5 35. Qd2 Qb4+ 36. Kc2 Qxd2+ 37. Kxd2 g5 38. Ke2 Kg6 39. Ke3 0-1

[Event "Open Est 2016-2017"]
[Site "Aubagne"]
[Date "2017.04.29"]
[Round "9.13"]
[White "Bui, Christopher"]
[Black "Strate, Francois"]
[Result "0-1"]
[WhiteElo "1507"]
[BlackElo "1332"]
[PlyCount "164"]
[EventDate "2016.??.??"]
[WhiteTeam "Cercle d'Echecs Aubagnais"]
[BlackTeam "Sanary Echecs"]

1. e4 e6 2. d4 d5 3. Nd2 Nf6 4. e5 Nfd7 5. f4 c5 6. c3 Nc6 7. Ngf3 Qb6 8. Qb3
cxd4 9. Qxb6 Nxb6 10. Nxd4 Nxd4 11. cxd4 Bd7 12. Be2 Rc8 13. b3 Bb4 14. O-O O-O
15. Nf3 Rc2 16. Bd3 Rc3 17. Bxh7+ Kxh7 18. Ng5+ Kg8 19. Bd2 Rfc8 20. Bxc3 Rxc3
21. g3 Bc6 22. Rac1 Rxc1 23. Rxc1 Nc8 24. Rc2 Ne7 25. g4 Kf8 26. Kf2 Kg8 27.
Kf3 Kf8 28. Nh3 Ng6 29. f5 exf5 30. gxf5 Ne7 31. Kf4 f6 32. exf6 gxf6 33. Nf2
Bd6+ 34. Kg4 Bxh2 35. Nd1 Bg1 36. Nc3 Bxd4 37. Ne2 Be5 38. Nf4 Bxf4 39. Kxf4
Nc8 40. Rh2 Ne7 41. Rc2 Ke8 42. b4 a6 43. a3 Kd7 44. Rh2 d4 45. Rd2 Nd5+ 46.
Kg3 Kd6 47. Rxd4 Ke5 48. Rd1 Kxf5 49. Rf1+ Ke4 50. Rf2 f5 51. Re2+ Ne3 52. Rf2
f4+ 53. Rxf4+ Kd3 54. Rf2 Kc3 55. Ra2 Kb3 56. Re2 Nc4 57. Kf4 Kxa3 58. Rc2 Kxb4
59. Kg3 a5 60. Kf2 a4 61. Ke1 a3 62. Rh2 Ba4 63. Rg2 Bb3 64. Kf2 a2 65. Rg1 Ka3
66. Ke2 Kb2 67. Kd3 a1=Q 68. Rxa1 Kxa1 69. Kc3 Ba2 70. Kc2 b5 71. Kc1 b4 72.
Kd1 b3 73. Ke2 b2 74. Kf3 b1=Q 75. Kf4 Qe1 76. Kf5 Nd6+ 77. Kf4 Qe4+ 78. Kg5
Qf5+ 79. Kh4 Be6 80. Kg3 Ne4+ 81. Kg2 Qf2+ 82. Kh1 Ng3# 0-1

[Event "Open Est 2016-2017"]
[Site "Aubagne"]
[Date "2017.04.29"]
[Round "9.14"]
[White "Corrias, Robert"]
[Black "Guidini, Rene"]
[Result "0-1"]
[WhiteElo "1535"]
[BlackElo "1348"]
[PlyCount "58"]
[EventDate "2016.??.??"]
[WhiteTeam "Club d'Echecs Pennois (CEP)"]
[BlackTeam "Cercle d'Echecs Aubagnais"]

1. Nf3 Nf6 2. c4 c6 3. d3 g6 4. g3 Bg7 5. Bg2 O-O 6. Bd2 d5 7. b3 Ne4 8. d4
Nxd2 9. Qxd2 dxc4 10. bxc4 c5 11. e3 Nc6 12. Nc3 cxd4 13. exd4 Nxd4 14. Rd1
Nxf3+ 15. Bxf3 Qxd2+ 16. Kxd2 Rd8+ 17. Kc2 Bf5+ 18. Kb2 a6 19. Kb3 Rab8 20.
Rxd8+ Rxd8 21. Bxb7 Rb8 22. Nd5 Rxb7+ 23. Ka4 Bc2+ 24. Ka5 e6 25. Ne3 Bc3+ 26.
Kxa6 Be4 27. Rc1 Be5 28. a4 Bc6 29. a5 Bc7 0-1

[Event "Open Est 2016-2017"]
[Site "Aubagne"]
[Date "2017.04.29"]
[Round "9.15"]
[White "Lognos, Lina"]
[Black "Cotton, Paul"]
[Result "0-1"]
[WhiteElo "1088"]
[BlackElo "1384"]
[PlyCount "64"]
[EventDate "2016.??.??"]
[WhiteTeam "Cercle d'Echecs Aubagnais"]
[BlackTeam "Cercle d'Echecs Aubagnais"]

1. d4 Nf6 2. c4 g6 3. Nc3 Bg7 4. e4 d6 5. Bd3 O-O 6. Be3 Ng4 7. h3 Nxe3 8. fxe3
Nd7 9. Qd2 c5 10. d5 Ne5 11. Be2 b6 12. Nf3 Ba6 13. Nxe5 Bxe5 14. O-O-O Bc8 15.
Nb5 a6 16. Nc3 Bd7 17. Rdf1 Rb8 18. a4 Qe8 19. Bd1 b5 20. Bb3 bxa4 21. Bxa4
Bxa4 22. Nxa4 Qxa4 23. Rf2 Qa1+ 24. Kc2 Qxb2+ 25. Kd3 Rb3+ 26. Ke2 Qxd2+ 27.
Kxd2 Rb2+ 28. Ke1 Rb1+ 29. Ke2 Rxh1 30. Rf1 Rxf1 31. Kxf1 Rb8 32. Kf2 Rb2+ 0-1

[Event "Open Est 2016-2017"]
[Site "Aubagne"]
[Date "2017.04.29"]
[Round "9.16"]
[White "Reynaud, Jacques"]
[Black "Denis, Alexandra"]
[Result "1/2-1/2"]
[WhiteElo "1375"]
[BlackElo "1229"]
[PlyCount "66"]
[EventDate "2016.??.??"]
[WhiteTeam "Cercle d'Echecs Aubagnais"]
[BlackTeam "Marseille Passion Echecs"]

1. d4 d5 2. Bf4 Bf5 3. e3 Nf6 4. Nc3 e6 5. a3 Nbd7 6. h3 Be7 7. Bd3 Bxd3 8.
Qxd3 c5 9. dxc5 Bxc5 10. b4 Be7 11. Rc1 O-O 12. Nf3 Nb6 13. Nd2 Rc8 14. Nb5 Ra8
15. c4 dxc4 16. Qxd8 Rfxd8 17. Nxc4 Nbd5 18. O-O Nxf4 19. exf4 a6 20. Nc3 Rd4
21. Ne2 Rd3 22. Rfd1 Rad8 23. Rxd3 Rxd3 24. Ne5 Rxa3 25. Rc8+ Bf8 26. Rb8 Ra1+
27. Kh2 Rd1 28. Rxb7 Rd2 29. Nc3 Rxf2 30. Kg3 Rb2 31. Kh2 Rf2 32. Kg3 Rb2 33.
Kh2 Rf2 1/2-1/2

[Event "Open Est 2016-2017"]
[Site "Aubagne"]
[Date "2017.04.29"]
[Round "9.17"]
[White "Piquemal, Maxence"]
[Black "Pentcheff, Laura"]
[Result "0-1"]
[WhiteElo "1382"]
[BlackElo "1366"]
[PlyCount "72"]
[EventDate "2016.??.??"]
[WhiteTeam "Marseille Echecs"]
[BlackTeam "Cassis Echecs"]

1. e4 d6 2. d4 Nf6 3. Nc3 g6 4. f3 Bg7 5. Be3 O-O 6. Qd2 c6 7. h4 b5 8. Nce2 e5
9. O-O-O Qc7 10. dxe5 dxe5 11. Bc5 Re8 12. Ng3 h5 13. Nh3 a5 14. c3 Na6 15. Bf2
Bd7 16. b3 c5 17. c4 Red8 18. Qb2 Rab8 19. cxb5 Bxb5 20. Rxd8+ Qxd8 21. Bxb5
Rxb5 22. Rd1 Qc7 23. Qe2 Rb6 24. Rd3 Bh6+ 25. Kd1 a4 26. Be1 c4 27. Rc3 Qd7+
28. Kc2 Nb4+ 29. Kb2 Nd3+ 30. Kc2 axb3+ 31. axb3 cxb3+ 32. Kb1 Nxe1 33. Qxe1
Bd2 34. Rc8+ Qxc8 35. Qxd2 b2 36. Nf2 Qa8 0-1

[Event "Open Est 2016-2017"]
[Site "Aubagne"]
[Date "2017.04.29"]
[Round "9.18"]
[White "Morata, Serge"]
[Black "Frontera, Pierre"]
[Result "1-0"]
[WhiteElo "1240"]
[BlackElo "1306"]
[PlyCount "42"]
[EventDate "2016.??.??"]
[WhiteTeam "Cercle d'Echecs Aubagnais"]
[BlackTeam "Cercle d'Echecs Aubagnais"]

1. e4 c5 2. Nf3 Nc6 3. d4 e6 4. Bc4 d5 5. exd5 exd5 6. Bb5 Bd7 7. dxc5 Nf6 8.
c4 a6 9. Ba4 Qa5+ 10. Nc3 Qxc5 11. cxd5 Nb8 12. Bxd7+ Nbxd7 13. O-O O-O-O 14.
Be3 Qd6 15. Rc1 Kb8 16. Qd4 b6 17. Bf4 Kb7 18. Bxd6 Bxd6 19. Ne4 Be5 20. Nxe5
Nxe5 21. Qxe5 Rxd5 1-0

[Event "Open Est 2016-2017"]
[Site "Aubagne"]
[Date "2016.04.29"]
[Round "9.19"]
[White "Fortoul, Alain"]
[Black "Ulloa, Philippe"]
[Result "0-1"]
[WhiteElo "1266"]
[BlackElo "1302"]
[PlyCount "75"]
[EventDate "2016.??.??"]
[WhiteTeam "Club d'Echecs Pennois (CEP)"]
[BlackTeam "Club d'Echecs Pennois (CEP)"]

1. e4 e5 2. Nf3 d6 3. h3 h6 4. Bc4 Nf6 5. Nc3 c6 6. d4 exd4 7. Qxd4 Be7 8. O-O
O-O 9. Re1 c5 10. Qd3 Nc6 11. a3 a6 12. Qe3 Re8 13. Qf4 b5 14. Bd5 Qc7 15. Be3
b4 16. Ne2 Nxd5 17. exd5 Ne5 18. Qg3 Ng6 19. Nf4 Bf5 20. Nxg6 fxg6 21. axb4
cxb4 22. Rec1 Bf6 23. Nd4 Be5 24. f4 Bxd4 25. Bxd4 Qa5 26. Bf2 Qxd5 27. c3 b3
28. Bd4 Re2 29. Re1 Qc4 30. Qf3 Rae8 31. Qb7 Rxe1+ 32. Rxe1 Rxe1+ 33. Kh2 Qf7
34. Qxa6 d5 35. Qb6 Bc2 36. Qa6 Qxf4+ 37. g3 Qd2+ 38. Qe2 0-1

[Event "Open Est 2016-2017"]
[Site "Aubagne"]
[Date "2017.04.29"]
[Round "9.20"]
[White "Periale, Albert"]
[Black "Cayrou, Fabien"]
[Result "0-1"]
[WhiteElo "1289"]
[BlackElo "1070"]
[PlyCount "74"]
[EventDate "2016.??.??"]
[WhiteTeam "Cercle d'Echecs Aubagnais"]
[BlackTeam "Cassis Echecs"]

1. e4 e5 2. Nf3 Nf6 3. d3 Nc6 4. Bg5 h6 5. Bh4 Bc5 6. Be2 d6 7. O-O Nd4 8. Nxd4
Bxd4 9. c3 Bb6 10. Nd2 Be6 11. Nf3 g5 12. Bg3 Qd7 13. Qc2 O-O-O 14. a4 a6 15.
Rfd1 c5 16. b4 cxb4 17. cxb4+ Kb8 18. d4 Rc8 19. Qb1 Qc7 20. a5 Ba7 21. dxe5
Nd7 22. exd6 Qd8 23. Nd4 h5 24. Nxe6 fxe6 25. h3 Qf6 26. Rf1 e5 27. b5 axb5 28.
Bxb5 Qxd6 29. Bxd7 Qxd7 30. Bxe5+ Ka8 31. Bxh8 Rxh8 32. Qd1 Qh7 33. Ra3 Qxe4
34. Ra4 Qf5 35. a6 b5 36. Ra5 g4 37. Qd3 Qxd3 0-1

[Event "Open Est 2016-2017"]
[Site "Aubagne"]
[Date "2017.04.29"]
[Round "9.21"]
[White "Rando, Mathias"]
[Black "Autouard, Jean-Luc"]
[Result "1/2-1/2"]
[WhiteElo "1206"]
[BlackElo "1261"]
[PlyCount "100"]
[EventDate "2016.??.??"]
[WhiteTeam "Club Provence Echecs"]
[BlackTeam "Cercle d'Echecs Aubagnais"]

1. e4 d6 2. Nf3 e6 3. d4 Bd7 4. Bc4 Nf6 5. Bg5 Be7 6. Nc3 Bc6 7. d5 exd5 8.
exd5 Bd7 9. Qe2 O-O 10. O-O-O Re8 11. Qe3 Ng4 12. Qd2 Ne5 13. Nxe5 Bxg5 14. f4
Bh6 15. Kb1 dxe5 16. Qf2 Qf6 17. Ne4 Qxf4 18. Qxf4 exf4 19. Nc5 b5 20. Bb3 a5
21. d6 c6 22. Rhe1 Rxe1 23. Rxe1 Kf8 24. Re7 Be6 25. Bxe6 Na6 26. Nd7+ Kg8 27.
Bxf7+ Kh8 28. Ne5 Bg5 29. Re6 Nc5 30. Re8+ Rxe8 31. Bxe8 Nb7 32. Nf7+ Kg8 33.
Nxg5 Nxd6 34. Bxc6 b4 35. Ne4 Nf5 36. g3 fxg3 37. hxg3 Ne7 38. Bb5 Kf8 39. g4
h6 40. c3 bxc3 41. bxc3 Nd5 42. c4 Ne3 43. c5 Ke7 44. c6 Kd8 45. Ba6 Nxg4 46.
Bb7 Ne5 47. Kb2 Kc7 48. Kb3 Nxc6 49. Bxc6 Kxc6 50. Nc3 h5 1/2-1/2

[Event "Open Est 2016-2017"]
[Site "Aubagne"]
[Date "2017.04.29"]
[Round "9.22"]
[White "Bartolini, Manuela"]
[Black "Delaplace, Mathias"]
[Result "0-1"]
[WhiteElo "1102"]
[BlackElo "1226"]
[PlyCount "140"]
[EventDate "2016.??.??"]
[WhiteTeam "Cercle d'Echecs Aubagnais"]
[BlackTeam "Marseille Echecs"]

1. e4 c5 2. Nc3 Nc6 3. Nf3 Nf6 4. d3 e6 5. Be2 d5 6. exd5 exd5 7. Bf4 Qb6 8.
Qc1 d4 9. Na4 Qb4+ 10. Nd2 Qxa4 11. O-O Be7 12. Qd1 O-O 13. b3 Qa5 14. Nc4 Qd8
15. a3 Be6 16. Bf3 Bxc4 17. bxc4 Bd6 18. Qc1 Rb8 19. Bxd6 Qxd6 20. Re1 Ne5 21.
Qd1 Rfe8 22. Be4 Neg4 23. g3 Nxe4 24. dxe4 Nf6 25. f3 Qe6 26. Qd3 Qh3 27. Qf1
Qxf1+ 28. Kxf1 Rbd8 29. Rab1 b6 30. Kg2 d3 31. c3 d2 32. Red1 Rd3 33. Rb3 h6
34. Kf2 Red8 35. Ke2 Ne8 36. a4 Nc7 37. a5 Ne6 38. axb6 axb6 39. Rxb6 Rxc3 40.
Rxd2 Rxd2+ 41. Kxd2 Rxc4 42. h4 Nd4 43. Ke3 Rc3+ 44. Kd2 Rxf3 45. Rb8+ Kh7 46.
g4 c4 47. Rb4 c3+ 48. Ke1 c2 49. Rc4 Rd3 50. g5 Rd1+ 51. Kf2 c1=Q 52. Rxc1 Rxc1
53. Ke3 Ne6 54. gxh6 Kxh6 55. Kd2 Ra1 56. Kc2 Ra3 57. Kd2 Kh5 58. e5 Kg4 59.
Ke2 Kf4 60. h5 Nd4+ 61. Kd2 Kf3 62. Kc1 Ra2 63. Kb1 Rg2 64. h6 gxh6 65. e6 fxe6
66. Kc1 Ke3 67. Kb1 Kd3 68. Ka1 Kc3 69. Kb1 h5 70. Kc1 Rg1# 0-1

[Event "Open Est 2016-2017"]
[Site "Aubagne"]
[Date "2017.04.29"]
[Round "9.24"]
[White "Moerenhout, Jean Claude"]
[Black "Labriaud, Gilles"]
[Result "1-0"]
[WhiteElo "1251"]
[BlackElo "1354"]
[PlyCount "53"]
[EventDate "2016.??.??"]
[WhiteTeam "Cercle d'Echecs Aubagnais"]
[BlackTeam "La Ciotat Echecs (LCE)"]

1. d4 Nf6 2. Nf3 g6 3. Bf4 Bg7 4. e3 O-O 5. Bd3 d6 6. Nbd2 Nd5 7. Bg3 c5 8. c3
Be6 9. O-O Nc6 10. Re1 cxd4 11. exd4 a6 12. h4 h6 13. Kf1 b5 14. a3 Qb6 15. Nh2
a5 16. Ng4 f5 17. Rxe6 fxg4 18. Qxg4 Rf6 19. Bxg6 Raf8 20. Rae1 b4 21. Be4 Qb5+
22. Kg1 bxc3 23. Bxd5 cxb2 24. Rxe7+ R6f7 25. Bxf7+ Rxf7 26. Re8+ Kh7 27. Qe4+
1-0